000 00345nam a2200145Ia 4500
005 20250411011535.0
008 240331s9999 xx 000 0 und d
082 _bAMA
_a891
100 _aAmarasekara,G
245 0 _aGamanaka mula
260 _aColombo
_bLake House Investment
_c1984
300 _a201 p .,
650 _aFamily Story
942 _cL
999 _c4819
_d4819